Environmental and Yoga (VAC 3 and VAC4)/ (Record no. 11775)

MARC details
000 -LEADER
fixed length control field 00613nam a22002177a 4500
005 - DATE AND TIME OF LATEST TRANSACTION
control field 20240229150944.0
008 - FIXED-LENGTH DATA ELEMENTS--GENERAL INFORMATION
fixed length control field 240229b ||||| |||| 00| 0 eng d
020 ## - INTERNATIONAL STANDARD BOOK NUMBER
International Standard Book Number 9789358492002
040 ## - CATALOGING SOURCE
Original cataloging agency IN-DiNC
Transcribing agency IN-DiNC
041 ## - LANGUAGE CODE
Language code of sung or spoken text English
082 ## - DEWEY DECIMAL CLASSIFICATION NUMBER
Classification number 333.7
Item number CHU
100 ## - MAIN ENTRY--PERSONAL NAME
Personal name Chutia, Jayanta
Relator term Author
245 ## - TITLE STATEMENT
Title Environmental and Yoga (VAC 3 and VAC4)/
Statement of responsibility, etc. by Jayanta Chutia and Rashmi Sikha Bora
250 ## - EDITION STATEMENT
Edition statement 1st ed.
260 ## - PUBLICATION, DISTRIBUTION, ETC.
Place of publication, distribution, etc. Dibrugarh:
Name of publisher, distributor, etc. Banalata,
Date of publication, distribution, etc. 2024.
300 ## - PHYSICAL DESCRIPTION
Extent 232p.
650 ## - SUBJECT ADDED ENTRY--TOPICAL TERM
Topical term or geographic name entry element Environmental studies
650 ## - SUBJECT ADDED ENTRY--TOPICAL TERM
Topical term or geographic name entry element Yogic practices
700 ## - ADDED ENTRY--PERSONAL NAME
Personal name Bora, Rashmi Sikha
Relator term Author
942 ## - ADDED ENTRY ELEMENTS (KOHA)
Source of classification or shelving scheme Dewey Decimal Classification
Koha item type Books
Holdings
Withdrawn status Lost status Source of classification or shelving scheme Damaged status Not for loan Collection code Home library Current library Shelving location Date acquired Cost, normal purchase price Total Checkouts Full call number Barcode Date last seen Date last checked out Copy number Price effective from Koha item type Date due
    Dewey Decimal Classification     General Collection Central Library, Naharkatiya College Central Library, Naharkatiya College General Stacks 29/02/2024 300.00 11 333.7 CHU 29890 10/03/2026 25/02/2026 1 29/02/2024 Books  
    Dewey Decimal Classification     General Collection Central Library, Naharkatiya College Central Library, Naharkatiya College General Stacks 29/02/2024 300.00 10 333.7 CHU 29891 01/04/2026 01/04/2026 2 29/02/2024 Books 25/04/2026
    Dewey Decimal Classification     General Collection Central Library, Naharkatiya College Central Library, Naharkatiya College General Stacks 29/02/2024 300.00 10 333.7 CHU 29892 12/05/2026 23/04/2026 3 29/02/2024 Books  
    Dewey Decimal Classification     General Collection Central Library, Naharkatiya College Central Library, Naharkatiya College General Stacks 29/02/2024 300.00 11 333.7 CHU 29893 22/04/2026 22/04/2026 4 29/02/2024 Books 11/05/2026
    Dewey Decimal Classification     General Collection Central Library, Naharkatiya College Central Library, Naharkatiya College General Stacks 29/02/2024 300.00 8 333.7 CHU 29894 10/03/2026 19/02/2026 5 29/02/2024 Books  
    Dewey Decimal Classification     General Collection Central Library, Naharkatiya College Central Library, Naharkatiya College General Stacks 29/02/2024 300.00 11 333.7 CHU 29895 05/05/2026 05/05/2026 6 29/02/2024 Books 22/05/2026
    Dewey Decimal Classification     General Collection Central Library, Naharkatiya College Central Library, Naharkatiya College General Stacks 29/02/2024 300.00 12 333.7 CHU 29896 20/04/2026 20/04/2026 7 29/02/2024 Books 09/05/2026
    Dewey Decimal Classification     General Collection Central Library, Naharkatiya College Central Library, Naharkatiya College General Stacks 29/02/2024 300.00 7 333.7 CHU 29897 20/02/2026 20/02/2026 8 29/02/2024 Books 11/03/2026
    Dewey Decimal Classification     General Collection Central Library, Naharkatiya College Central Library, Naharkatiya College General Stacks 29/02/2024 300.00 10 333.7 CHU 29898 12/05/2026 23/04/2026 9 29/02/2024 Books  
    Dewey Decimal Classification     General Collection Central Library, Naharkatiya College Central Library, Naharkatiya College General Stacks 29/02/2024 300.00 13 333.7 CHU 29899 12/05/2026 24/04/2026 10 29/02/2024 Books  

Naharkatiya College © 2020. All rights reserved.

Powered By